Statistics for Air Transat Destinations

Click here to take the quiz!

General Stats

  • This quiz has been taken 63 times
    (56 since last reset)
  • The average score is 26 of 76

Answer Stats

Destination% Correct
Toronto
100%
Vancouver
100%
Calgary
94%
Montreal
94%
Edmonton
88%
Ottawa
88%
Quebec City
65%
Cancun
59%
Rome
59%
Winnipeg
59%
Lisbon
53%
London
53%
London
53%
Madrid
53%
Paris
53%
Amsterdam
47%
Barcelona
47%
Brussels
47%
Halifax
47%
Havana
47%
Lyon
47%
Marseille
47%
Bordeaux
41%
Dublin
41%
Fort Lauderdale
41%
Manchester
41%
Nice
41%
Orlando
41%
Athens
35%
Faro
35%
Glasgow
35%
Hamilton
35%
Malaga
35%
Nantes
35%
Porto
35%
Prague
35%
Punta Cana
35%
Toulouse
35%
Copenhagen
29%
San Jose
29%
San Juan
29%
Tampa
29%
Varadero
29%
Victoria
29%
Cozumel
24%
Holguin
24%
Philipsburg
24%
Venice
24%
Acapulco
18%
Camaguey
18%
Cayo Coco
18%
Kelowna
18%
Liberia
18%
Moncton
18%
Montego Bay
18%
Puerto Plata
18%
Basel/Mulhouse/Freiburg
12%
Cartagena
12%
Cayo Largo del Sur
12%
Lamezia Terme
12%
La Romana
12%
New Orleans
12%
Port-au-Prince
12%
Roatan
12%
Samana
12%
Santa Clara
12%
Vieux Fort
12%
Zagreb
12%
Fort-de-France
6%
Huatulco
6%
Pointe-a-Pitre
6%
Puerta Vallarta
6%
Rio Hato
6%
San Andres
6%
San Diego
6%
San Salvador
6%

Score Distribution

Percentile by Number Answered

Percent of People with Each Score

Your Score History

You have not taken this quiz since the last reset